College Football- UCLA Bowl History - Statistics

General Stats
  • This quiz has been taken 105 times
    27 since last reset
  • The average score is 22 of 38
Answer Stats
Year Opponent Bowl Game % Correct
1943 Georgia Rose Bowl
94%
1947 Illinois Rose Bowl
94%
1954 Michigan State Rose Bowl
94%
1956 Michigan State Rose Bowl
94%
1962 Minnesota Rose Bowl
94%
1966 Michigan State Rose Bowl
94%
1976 Ohio State Rose Bowl
94%
1983 Michigan Rose Bowl
94%
1984 Illinois Rose Bowl
94%
1986 Iowa Rose Bowl
94%
1994 Wisconsin Rose Bowl
94%
1999 Wisconsin Rose Bowl
94%
1989 Arkansas Cotton Bowl
78%
1998 Texas AM Cotton Bowl
78%
1991 Illinois Sun Bowl
72%
2000 Wisconsin Sun Bowl
72%
2005 Northwestern Sun Bowl
72%
2013 Virginia Tech Sun Bowl
72%
2022 Pittsburgh Sun Bowl
72%
2012 Baylor Holiday Bowl
61%
1978 Arkansas Fiesta Bowl
56%
1985 Miami Fiesta Bowl
56%
2023 Boise State Los Angeles
56%
2002 New Mexico Las Vegas Bowl
44%
2004 Wyoming Las Vegas Bowl
44%
2007 BYU Las Vegas Bowl
44%
2015 Kansas State Alamo Bowl
33%
1976 Alabama Liberty Bowl
33%
1986 BYU Freedom Bowl
17%
1987 Florida Aloha Bowl
11%
1995 Kansas Aloha Bowl
11%
2006 Florida State Emerald Bowl
11%
1981 Michigan Blubonnet Bowl
6%
2017 Kansas State Cactus Bowl
6%
2009 Temple Eagle Bank Bowl
6%
2015 Nebraska Foster Farms Bowl
6%
2011 Illinois Kraft Fight Hunger Bowl
6%
2003 Fresno State Silicon Valley Bowl
6%
No matching quizzes found
Score Distribution
Percent of People with Each Score
Percentile by Number Answered
Your Score History
You have not taken this quiz since the last reset